<?xml version="1.0" encoding="UTF-8"?>
<record
    xmlns:xsi="http://www.w3.org/2001/XMLSchema-instance"
    xsi:schemaLocation="http://www.loc.gov/MARC21/slim http://www.loc.gov/standards/marcxml/schema/MARC21slim.xsd"
    xmlns="http://www.loc.gov/MARC21/slim">

  <leader>00910nam a22001937a 4500</leader>
  <controlfield tag="005">20250109145235.0</controlfield>
  <datafield tag="010" ind1=" " ind2=" ">
    <subfield code="a">HIN-129187</subfield>
  </datafield>
  <datafield tag="020" ind1=" " ind2=" ">
    <subfield code="a">9789381145272</subfield>
    <subfield code="c">450.00 </subfield>
  </datafield>
  <datafield tag="035" ind1=" " ind2=" ">
    <subfield code="a">HN-101533</subfield>
  </datafield>
  <datafield tag="037" ind1=" " ind2=" ">
    <subfield code="b">DBAD</subfield>
  </datafield>
  <datafield tag="082" ind1=" " ind2=" ">
    <subfield code="a">181.432</subfield>
  </datafield>
  <datafield tag="100" ind1=" " ind2=" ">
    <subfield code="a">&#x92A;&#x94D;&#x930;&#x947;&#x92E; &#x92D;&#x93E;&#x930;&#x924;&#x940; </subfield>
    <subfield code="9">76253</subfield>
  </datafield>
  <datafield tag="245" ind1=" " ind2=" ">
    <subfield code="a">&#x92F;&#x94B;&#x917;&#x902; &#x936;&#x930;&#x923;&#x902; &#x917;&#x91A;&#x94D;&#x91B;&#x93E;&#x92E;&#x93F; :</subfield>
    <subfield code="b">&#x92A;&#x924;&#x902;&#x91C;&#x932;&#x93F; &#x92F;&#x94B;&#x917; &#x938;&#x942;&#x924;&#x94D;&#x930; &#x92A;&#x930; &#x906;&#x927;&#x93E;&#x930;&#x93F;&#x924; /</subfield>
    <subfield code="c">&#x92A;&#x94D;&#x930;&#x947;&#x92E; &#x92D;&#x93E;&#x930;&#x924;&#x940; </subfield>
  </datafield>
  <datafield tag="250" ind1=" " ind2=" ">
    <subfield code="a">&#x92A;&#x94D;&#x930;&#x925;&#x92E; </subfield>
  </datafield>
  <datafield tag="260" ind1=" " ind2=" ">
    <subfield code="a">&#x92A;&#x94D;&#x930;&#x924;&#x93E;&#x92A;&#x917;&#x922;&#x93C;, &#x909;. &#x92A;&#x94D;&#x930;.</subfield>
    <subfield code="b">&#x905;&#x902;&#x936;&#x93F;&#x915;&#x93E; &#x92A;&#x94D;&#x930;&#x915;&#x93E;&#x936;&#x928; </subfield>
    <subfield code="c">2021</subfield>
  </datafield>
  <datafield tag="270" ind1=" " ind2=" ">
    <subfield code="a">&#x921;&#x93E;&#x921;&#x940;, &#x938;&#x917;&#x930;&#x93E; &#x938;&#x941;&#x928;&#x94D;&#x926;&#x930;&#x92A;&#x941;&#x930; &#x92A;&#x94D;&#x930;&#x924;&#x93E;&#x92A;&#x917;&#x922;&#x93C; </subfield>
    <subfield code="b">&#x92A;&#x94D;&#x930;&#x924;&#x93E;&#x92A;&#x917;&#x922;&#x93C;, &#x909;. &#x92A;&#x94D;&#x930;.</subfield>
    <subfield code="e">230001                      </subfield>
  </datafield>
  <datafield tag="300" ind1=" " ind2=" ">
    <subfield code="a">152 &#x92A;&#x943;.</subfield>
    <subfield code="c">21 &#x938;&#x947;&#x92E;&#x940; (&#x938;&#x91C;&#x93F;&#x932;&#x94D;&#x926;)</subfield>
  </datafield>
  <datafield tag="942" ind1=" " ind2=" ">
    <subfield code="2">ddc</subfield>
    <subfield code="c">HN</subfield>
    <subfield code="h">181.432</subfield>
    <subfield code="m">&#x92D;&#x93E;&#x930;&#x924;&#x940; </subfield>
  </datafield>
  <datafield tag="999" ind1=" " ind2=" ">
    <subfield code="c">208161</subfield>
    <subfield code="d">208161</subfield>
  </datafield>
  <datafield tag="952" ind1=" " ind2=" ">
    <subfield code="0">0</subfield>
    <subfield code="1">0</subfield>
    <subfield code="4">0</subfield>
    <subfield code="7">0</subfield>
    <subfield code="8">NFIC</subfield>
    <subfield code="a">ZLS</subfield>
    <subfield code="b">ZLS</subfield>
    <subfield code="d">2025-01-07</subfield>
    <subfield code="e">DBAD</subfield>
    <subfield code="g">450.00</subfield>
    <subfield code="l">1</subfield>
    <subfield code="o">181.432 &#x92D;&#x93E;&#x930;&#x924;&#x940; </subfield>
    <subfield code="p">HN-101533</subfield>
    <subfield code="r">2025-06-14 00:00:00</subfield>
    <subfield code="s">2025-06-02</subfield>
    <subfield code="t">1</subfield>
    <subfield code="v">450.00</subfield>
    <subfield code="w">2025-01-07</subfield>
    <subfield code="y">HN</subfield>
  </datafield>
</record>
